| 000 | 00802nam0a22002531 4500 | ||
|---|---|---|---|
| 001 | rc\3045945 | ||
| 005 | 20250806202144.0 | ||
| 035 | _a(NLR Aleph) 007185708 | ||
| 090 |
_a44643 _c44643 |
||
| 100 | _a20111007d1942 u y0rusy50 ca | ||
| 101 | 0 | _arus | |
| 102 | _aRU | ||
| 105 | _ay z ||||| | ||
| 200 | 1 | _aВсесоюзное социалистическое соревнование и оборона Родины | |
| 210 |
_aМосква _cПолитиздат _d1942 |
||
| 215 |
_a47 с. _d20 см |
||
| 700 | 1 |
_aГершберг _bИ.Р. _gИзраиль Рахмильевич |
|
| 801 | 0 |
_aRU _bNLR _gpsbo |
|
| 801 | 1 |
_aRU _bELAR _2rusmarc |
|
| 852 |
_aNLR _j71-4/4681 |
||
| 942 | _cBOOK | ||
| 945 | _aРоссийская национальная библиотека | ||
| 980 | _aNB | ||
| 980 | _aBV | ||